| 000 | 00377pab a2200157 454500 | ||
|---|---|---|---|
| 008 | 180718b2013 xxu||||| |||| 00| 0 eng d | ||
| 100 | _aNou, Jennifer | ||
| 245 | _aAgency self-insulation under presidential review | ||
| 260 | _c2013 | ||
| 300 | _ap.1755-1837. | ||
| 362 | _aMay | ||
| 650 | _aPresidents | ||
| 773 | _aHarvard Law Review | ||
| 908 | _aN | ||
| 909 | _a101570 | ||
| 999 |
_c101568 _d101568 |
||